|
|
|
|
| LEADER |
04328nam a22004093i 4500 |
| 001 |
EBC6422720 |
| 003 |
MiAaPQ |
| 005 |
20231204023215.0 |
| 006 |
m o d | |
| 007 |
cr cnu|||||||| |
| 008 |
231204s2019 xx o ||||0 ger d |
| 020 |
|
|
|a 9783476049766
|q (electronic bk.)
|
| 020 |
|
|
|z 9783476049759
|
| 035 |
|
|
|a (MiAaPQ)EBC6422720
|
| 035 |
|
|
|a (Au-PeEL)EBL6422720
|
| 035 |
|
|
|a (OCoLC)1231607927
|
| 040 |
|
|
|a MiAaPQ
|b eng
|e rda
|e pn
|c MiAaPQ
|d MiAaPQ
|
| 050 |
|
4 |
|a P87-96
|
| 100 |
1 |
|
|a Koch, Lars.
|
| 245 |
1 |
4 |
|a The Great Disruptor :
|b Über Trump, Die Medien und Die Politik der Herabsetzung.
|
| 250 |
|
|
|a 1st ed.
|
| 264 |
|
1 |
|a Stuttgart :
|b J. B. Metzler'sche Verlagsbuchhandlung & Carl Ernst Poeschel GmbH,
|c 2019.
|
| 264 |
|
4 |
|c {copy}2020.
|
| 300 |
|
|
|a 1 online resource (219 pages)
|
| 336 |
|
|
|a text
|b txt
|2 rdacontent
|
| 337 |
|
|
|a computer
|b c
|2 rdamedia
|
| 338 |
|
|
|a online resource
|b cr
|2 rdacarrier
|
| 505 |
0 |
|
|a Intro -- Inhaltsverzeichnis -- Herausgeber*innen- und Autor*innenverzeichnis -- The Great Disruptor. Eine Annäherung -- Trumps Resonanzraum: die Netzkultur der Alt-Right -- Trumps Emotionsordnung: Wut, Hass, Gemeinschaft -- Trumps Adressierungsstrategie: Feindschaft und Identität -- Zu den Beiträgen -- Literatur -- TIRED TRUMP oder: Die Ermüdung der Theorie -- The Idiot President -- Your Shitty Racist Uncle -- An Evil Toddler and Besuited Chucky Doll -- A Badly Drawn Fascist -- The Political Equivalent of One of those Mutant Factory Farm Chickens with Breasts so Big It Can't Walk -- A Hairpiece Come to Life -- The Barron Land -- Literatur -- Trump als Symptom: Populistische Schockpolitik und die Krise der Demokratie -- Nothing's Shocking -- Politik der Akzeleration -- Race/Class -- Die Krise des Neoliberalismus -- Uncool Capitalism -- Lechts/Rinks -- Populistische Affekte -- Literatur -- Orange is the new Black Box - Trump und Szenen der Herabsetzung -- „Well handled Sir, well handled" -- „Call Disney, if you don't believe me" -- „And just a reminder to everyone. I'm here to make jokes" -- „Trump is so broke! How broke is he?" -- Orange is the New Black Box -- Literatur -- Der Pussy-Präsident. Sexuelle Konterrevolution versus Feministischer Civil War -- Vorspiel -- Der Fall Kavanaugh -- „Traffic in Women" postmodern -- College Rape -- Feminist Civil War -- ‚Feminazis' und ‚the base' -- Coda -- Literatur -- Donald Trumps Medien -- „Potus als Twitterer" -- Trumps und Twitters Popularität -- Populismus -- Trumping Twitter -- New normal -- Literatur -- Madman im Digitalen. Donald Trumps Rückgriff auf eine Figur des Kalten Krieges -- Abschreckung im Kalten Krieg -- Madman Trump im digitalen Raum -- Literatur -- Die rhetorischen Strategien von @realDonaldTrump und die Verweigerung diskursiver Argumentation -- Einleitung -- Trump und Twitter.
|
| 505 |
8 |
|
|a Was braucht man für eine begründete und begründende Politik? Analysen aus der antiken Rhetoriktheorie -- Methode und Politik -- Schlussfolgerungen -- Literatur -- Affekt, Genuss und das Problem der Mentalisierung. Elemente einer Sozialpsychologie des rechten Populismus -- Political Correctness -- „Ins Gesicht gefilmt" - Öffentliche Intimität -- Infrastruktur der Affekte -- Genuss und Verleugnung -- Fetisch: Ausstellen und Verbergen -- Soziale Relation und Wahrheit - Dynamik der Fake News -- Literatur -- Zu einer Ästhetik des Populismus. Teil I: Der populistische Erscheinungsraum -- Der Repräsentationsanspruch -- Die Rally inszenieren -- Trumps performativer Stil -- Improvisatorische Interaktion -- Die Urteilsgemeinschaft und der populistische Erscheinungsraum -- Literatur.
|
| 588 |
|
|
|a Description based on publisher supplied metadata and other sources.
|
| 590 |
|
|
|a Electronic reproduction. Ann Arbor, Michigan : ProQuest Ebook Central, 2023. Available via World Wide Web. Access may be limited to ProQuest Ebook Central affiliated libraries.
|
| 655 |
|
4 |
|a Electronic books.
|
| 700 |
1 |
|
|a Nanz, Tobias.
|
| 700 |
1 |
|
|a Rogers, Christina.
|
| 776 |
0 |
8 |
|i Print version:
|a Koch, Lars
|t The Great Disruptor
|d Stuttgart : J. B. Metzler'sche Verlagsbuchhandlung & Carl Ernst Poeschel GmbH,c2019
|z 9783476049759
|
| 797 |
2 |
|
|a ProQuest (Firm)
|
| 856 |
4 |
0 |
|u https://ebookcentral.proquest.com/lib/matrademy/detail.action?docID=6422720
|z Click to View
|